LEADER 00727nam0-22002651i-450- 001 990007864590403321 005 20040401072346.0 010 $a0-486-41183-4 035 $a000786459 035 $aFED01000786459 035 $a(Aleph)000786459FED01 035 $a000786459 100 $a20040401d--------km-y0itay50------ba 101 0 $aeng 200 1 $aChebyshev and Fourier Spectral Methods$fJohn P. Boyd 205 $a2 210 $aNew York$cDover Publications$d2001 700 1$aBoyd,$bJohn P.$0281840 801 0$aIT$bUNINA$gRICA$2UNIMARC 901 $aBK 912 $a990007864590403321 952 $a5525$b00 L2798$fDETEC 959 $aDETEC 996 $aChebyshev and Fourier Spectral Methods$9673524 997 $aUNINA LEADER 01900nam 2200589 a 450 001 9910454434203321 005 20200520144314.0 010 $a1-281-39856-X 010 $a9786611398569 010 $a1-4356-5503-6 010 $a90-474-2549-9 035 $a(CKB)1000000000536138 035 $a(OCoLC)290584558 035 $a(CaPaEBR)ebrary10234914 035 $a(SSID)ssj0000111126 035 $a(PQKBManifestationID)11139217 035 $a(PQKBTitleCode)TC0000111126 035 $a(PQKBWorkID)10074778 035 $a(PQKB)11229408 035 $a(MiAaPQ)EBC3004167 035 $a(Au-PeEL)EBL3004167 035 $a(CaPaEBR)ebr10234914 035 $a(CaONFJC)MIL139856 035 $a(OCoLC)923613745 035 $a(EXLCZ)991000000000536138 100 $a20060707d2006 uy 0 101 0 $aeng 135 $aurcn||||||||| 181 $ctxt 182 $cc 183 $acr 200 00$aBeyond the legacy of Genghis Khan$b[electronic resource] /$fedited by Linda Komaroff 210 $aLeiden ;$aBoston $cBrill$d2006 215 $a1 online resource (678 p.) 225 1 $aIslamic history and civilization. Studies and texts,$x0929-2403 ;$vv. 64 300 $a"Originally presented at a 2003 symposium at the Los Angeles County Museum of Art"--P. [4] of cover. 311 $a90-04-15083-8 320 $aIncludes bibliographical references (p. [439]-502) and index. 410 0$aIslamic history and civilization ;$vv. 64. 606 $aMongols$zIran$xHistory$vCongresses 607 $aIran$xHistory$y1256-1500$vCongresses 608 $aElectronic books. 615 0$aMongols$xHistory 676 $a955/.026 701 $aKomaroff$b Linda$f1953-$0644665 801 0$bMiAaPQ 801 1$bMiAaPQ 801 2$bMiAaPQ 906 $aBOOK 912 $a9910454434203321 996 $aBeyond the legacy of Genghis Khan$92208447 997 $aUNINA LEADER 01377nam 2200445 450 001 9910149408703321 005 20230808200103.0 010 $a1-78536-402-2 035 $a(CKB)3710000000912719 035 $a(MiAaPQ)EBC4731306 035 $a(EXLCZ)993710000000912719 100 $a20161111h20162016 uy 0 101 0 $aeng 135 $aurcnu|||||||| 181 $2rdacontent 182 $2rdamedia 183 $2rdacarrier 200 10$aCorporate governance, the firm and investor capitalism $elegal-political and economic views /$fAlexander Styhre 210 1$aCheltenham, England :$cEdward Elgar Publishing,$d2016. 210 4$dİ2016 215 $a1 online resource (290 pages) $cillustrations, tables 225 1 $aNew Perspectives on the Modern Corporation 300 $aIncludes index. 311 $a1-78536-401-4 410 0$aNew perspectives on the modern corporation. 606 $aCapitalism 606 $aCapitalists and financiers 606 $aStockholders 615 0$aCapitalism. 615 0$aCapitalists and financiers. 615 0$aStockholders. 676 $a330.122 700 $aStyhre$b Alexander$0616190 801 0$bMiAaPQ 801 1$bMiAaPQ 801 2$bMiAaPQ 906 $aBOOK 912 $a9910149408703321 996 $aCorporate governance, the firm and investor capitalism$91505573 997 $aUNINA